<The> analysis of customer behaviour in accommodation services after 1989 in the Czech Republic
Pohostinské služby patria medzi významné realizačné faktory cestovného ruchu. Rastúci význam a vysoký potenciál cestovného ruchu ho radí medzi významné prvky možného rozvoja vidieckych oblastí, osobitne v oblasti zachovania a podpory malého a stredného podnikania. Článok sa zaoberá problematikov cho...
Saved in:
| Main Author: | |
|---|---|
| Other Authors: | |
| Format: | Book Chapter |
| Language: | Czech |
| Subjects: | |
| Tags: |
No Tags, Be the first to tag this record!
|
MARC
| LEADER | 00000naa$a2200000$$$4500 | ||
|---|---|---|---|
| 001 | 0068821 | ||
| 005 | 20240717104112.6 | ||
| 041 | 0 | |a cze | |
| 044 | |a CZ | ||
| 245 | 1 | 0 | |a <The> analysis of customer behaviour in accommodation services after 1989 in the Czech Republic |c Kateřina Ryglová, Ida Vajčnerová |
| 520 | |a Pohostinské služby patria medzi významné realizačné faktory cestovného ruchu. Rastúci význam a vysoký potenciál cestovného ruchu ho radí medzi významné prvky možného rozvoja vidieckych oblastí, osobitne v oblasti zachovania a podpory malého a stredného podnikania. Článok sa zaoberá problematikov chovania spotrebiteľov v Českej republike so zameraním na ubytovacie služby. Analýza vývojových zmien v spotrebiteľskom chovaní. Výsledky dotazníkového výskumu. | ||
| 610 | 2 | 0 | |a ruch cestovný |
| 610 | 2 | 0 | |a ubytovanie |
| 610 | 2 | 0 | |a zariadenia ubytovacie |
| 610 | 2 | 0 | |a vidiek |
| 610 | 2 | 0 | |a správanie spotrebiteľa |
| 610 | 2 | 0 | |a Česko |
| 100 | 1 | |a Ryglová, Kateřina | |
| 700 | 1 | |a Vajčnerová, Ida | |